NRW nach Buchstabe - O - Statistiken

Allgemein
  • Dieses Quiz wurde 43 mal gespielt
  • Das Durchschnittsergebnis liegt bei 8 aus 18
Antwortstatistiken
Hint Antwort % Korrekt
Kreisstadt im Sauerland, auch als Stadt der tausend Linden bekannt Olpe
100%
Großstadt im Pott mit Centro und Gasometer Oberhausen
97%
Bielefelder Lebensmittelunternehmen. Dr. ... Oetker
97%
Region um Bielefeld und Paderborn Ostwestfalen
81%
Mittelalterlicher Kaiser, der in Goch geboren wurde und in Aachen begraben liegt Otto III
72%
Kurort an der Weser, nach dem Zweiten Weltkrieg Hauptquartier der Britischen Armee in Deutschland. Bad... Oeynhausen
58%
Gelsenkirchener Nationalspieler und Weltmeister 2014, der für Bremen, Arsenal und Real Madrid spielte Mesut Özil
56%
Stadt im Kreis Warendorf im Münsterland, Heimat der Stromberger Pflaume und von Pott`s Bier Oelde
42%
Landkreis um Gummersbach, Bergneustadt und Wiehl Oberbergischer Kreis
39%
Bündener Nationalspieler, spielte von 2002-2006 für den BVB und bereitete 2006 bei der WM ein Tor für Oliver Neuville vor David Odonkor
33%
Linksrheinischer Stadtteil Düsseldorfs, in dem die Rheinkirmes stattfindet Oberkassel
33%
Ort an der Wupper, der 1974 in Leverkusen eingemeindet wurde Opladen
28%
In dieser Stadt im Rheinisch-Bergischen Kreis wohnen Elton und Henry Maske Overath
28%
Stadt im Hochsauerlandkreis an der Ruhr mit Bruchhausener Steinen Olsberg
25%
Fest zu dem in Lügde Feuerräder einen Berg herunterrollen Ostern
25%
Komiker aus Bochum, erschuf Figuren wie Luise Koschinsky und Paul Schrader Hans Werner Olm
14%
Kunstmäzen, der die Folkwang-Sammlung aufbaute und ein nach ihm benanntes Museum in Hagen gründete Karl Ernst Osthaus
8%
Kölner Karnevalssänger und Namensgeber eines Karnevalspreises Willi Ostermann
8%
Keine übereinstimmenden Quizze gefunden
Verteilung der Resultate
Anzahl Personen mit jedem Resultat
Perzentil nach korrekt beantworteten Fragen
Ihre Resultats-Entwicklung
Sie haben dieses Quiz noch nicht gespielt